000 00689nam a2200265Ia 4500
005 20260121172758.0
008 008 260114s9999 xx 000 0 eng d
020 _a9781484272176
037 _aEBOOK
040 _aCRL
040 _beng
040 _cCRL
041 _2eng
041 _aeng
084 _qCRL
100 _aJared Bhatti, Zachary Sarah Corleissen, Jen Lambourne, David Nunez, Heidi Waterhouse
_91092638
245 0 _aDocs for Developers
260 _bSpringer
260 _bSpringer
260 _c2021
856 _uhttps://link.springer.com/openurl?genre=book&isbn=978-1-4842-7217-6
942 _cEBOOK
999 _c1658378
_d1658378